| 000 | 00510nam a2200193Ia 4500 | ||
|---|---|---|---|
| 003 | 0100 | ||
| 008 | 130303s9999 xx 000 0 und d | ||
| 040 | _cARRUPELIB | ||
| 050 | _aQ175.H88313 1993 | ||
| 100 | _aHoyningen-Huene, Paul | ||
| 245 | _aReconstructing scientific revolutions | ||
| 245 | _bThomas S.Kuhn's philosophy of science | ||
| 260 | _aChicago | ||
| 260 | _bUniversity Press | ||
| 260 | _C1993 | ||
| 300 | _a310p | ||
| 650 | _bFiction Truth in Literature Reality Literature | ||
| 942 | 0 | 0 | _03 |
| 999 |
_c19221 _d19221 |
||